000
00264nam a22001097a 4500
082
_a
621 KEN'S
100
_a
SALISBURY, J.KENNETH
_9
78857
245
_a
KENT'S MECHANICAL ENGINEER'S HANDBOOK
250
_a
12TH
260
_a
NEWYORK
_b
JOHN WILEY
_c
1950
942
_c
BK
999
_c
583926
_d
583926